Slovenské firmy v zahraničí
Export je podmienený nielen ľudskými zdrojmi a stavebným potenciálom firiem, ale najmä ich kapitálovou silou. Proexportná orientácia slovenského stavebníctva. Obmedzujúce a znevýhodňujúce podmienky pre stavbárske podniky nečlenských krajín Európskej únie. Zmena pozície slovenských stavebných firiem...
Guardado en:
| Autor principal: | |
|---|---|
| Formato: | Capítulo de libro |
| Lenguaje: | eslovaco |
| Materias: | |
| Etiquetas: |
Sin Etiquetas, Sea el primero en etiquetar este registro!
|
MARC
| LEADER | 00000naa a2200000 4500 | ||
|---|---|---|---|
| 001 | r045064 | ||
| 005 | 20230920074848.0 | ||
| 041 | 0 | |a slo | |
| 044 | |a SK | ||
| 245 | 1 | 0 | |a Slovenské firmy v zahraničí |c Ľudmila Lipianska |
| 520 | |a Export je podmienený nielen ľudskými zdrojmi a stavebným potenciálom firiem, ale najmä ich kapitálovou silou. Proexportná orientácia slovenského stavebníctva. Obmedzujúce a znevýhodňujúce podmienky pre stavbárske podniky nečlenských krajín Európskej únie. Zmena pozície slovenských stavebných firiem po vstupe do EÚ. Stavebníctvo strednej a východnej Európy. | ||
| 610 | 2 | 0 | |a stavebníctvo |
| 610 | 2 | 0 | |a Európska únia |
| 610 | 2 | 0 | |a reštrukturalizácia |
| 610 | 2 | 0 | |a konkurencia |
| 610 | 2 | 0 | |a vývoz |
| 610 | 2 | 0 | |a zdroje ľudské |
| 610 | 2 | 0 | |a kapitál |
| 610 | 2 | 0 | |a Slovensko |
| 100 | 1 | |a Lipianska, Ľudmila | |